[Event "Tata Steel"]
[Site "Wijk aan Zee 75"]
[Date "2013.01.26"]
[Round "12"]
[White "Carlsen, Magnus"]
[Black "Nakamura, Hikaru"]
[Result "1-0"]
[WhiteElo "2861"]
[BlackElo "2769"]
[Annotator "JvR"]
[PlyCount "61"]
[EventDate "2013.01.??"]
[EventCountry "NED"]

1. e4 c5 2. Nf3 Nc6 3. d4 cxd4 4. Nxd4 e5 5. Nb5 d6 6. g3 h5 7. N1c3 a6 8. Na3
b5 $5 (8... h4 9. Bg2 h3 10. Bf1 {was played in Nunn - Short, Wijk aan Zee
1990.}) 9. Nd5 Nge7 10. Bg2 Bg4 $5 11. f3 Be6 12. c3 h4 13. Nc2 Bxd5 $6 ({
Preferable is} 13... Na5 $5 14. f4 Nxd5 15. exd5 Bd7) 14. exd5 Na5 15. f4 $1
Nf5 $5 16. g4 $5 h3 17. Be4 Nh4 $5 ({The alternative is} 17... Qh4+ 18. Kf1 Ne7
19. Qe2 f6) 18. O-O g6 19. Kh1 Bg7 $5 ({Or} 19... f5 $1 20. Bd3 e4 21. Be2 Bg7
{(Tadic).}) 20. f5 $5 gxf5 21. gxf5 Ng2 $2 (21... Bf6 $1 {offers more
resistance.}) 22. f6 $1 Bf8 ({The pointe is} 22... Bxf6 23. Qf3 Rh4 24. Bg5 $1
{(Gormally).}) 23. Qf3 $1 {Nakamura has been outplayed.} Qc7 24. Nb4 Nb7 25.
Nc6 $1 Nc5 26. Bf5 Nd7 27. Bg5 Rg8 28. Qh5 Nb6 29. Be6 $1 Rxg5 30. Qxg5 fxe6
31. dxe6 $1 {Carlsen would draw the last game. His score of 10/13 equalised
Kasparov's record in Wijk aan Zee 1999.} 1-0

[Event "Tata Steel"]
[Site "Wijk aan Zee 75"]
[Date "2013.01.26"]
[Round "12"]
[White "Van Wely, Loek"]
[Black "Caruana, Fabiano"]
[Result "1-0"]
[WhiteElo "2679"]
[BlackElo "2781"]
[Annotator "JvR"]
[PlyCount "99"]
[EventDate "2013.01.??"]
[EventCountry "NED"]

1. d4 d5 2. c4 c6 3. Nf3 Nf6 4. e3 Bg4 5. h3 Bh5 6. Nc3 e6 7. g4 Bg6 8. Ne5
dxc4 9. Bxc4 Nbd7 10. Nxg6 hxg6 11. Bd2 Nd5 12. Qb3 $5 ({Known is} 12. Qf3 Qb6
13. Bb3) 12... Qc7 13. Rc1 Nxc3 14. bxc3 Be7 15. Kf1 $5 Rd8 16. Rc2 a6 17. a4
Nf6 18. Kg2 c5 $5 19. Be2 Rd7 20. Bf3 O-O 21. Rb1 $1 Rb8 22. Rcb2 Nd5 23. a5 $5
cxd4 24. cxd4 Qd8 25. Qd3 Bd6 26. Qe2 Qe7 27. Be4 Rc8 28. Qf3 Bb8 $5 29. Bxd5
$5 exd5 30. Bb4 Qd8 31. Bc5 Qxa5 32. Rxb7 Qd8 33. Qe2 Rxb7 34. Rxb7 Rc6 35. Qb2
Bd6 $5 36. Qb4 $5 Bxc5 $2 ({Correct is} 36... Bc7 $1 37. Qb3 Qc8 38. Ra7 Qe6)
37. dxc5 Rc8 38. Ra7 $1 Qf6 $5 39. Qb7 $1 Qe6 40. Rxa6 Qe4+ 41. Kh2 $1 Qe5+ 42.
Kg1 Rxc5 43. Ra8+ Kh7 44. Qxf7 {White has gained a pawn and resists the next
counter.} Rc1+ 45. Kg2 Qe4+ 46. f3 $1 Rc2+ $2 (46... Qc2+ $5 47. Kg3 Qc7+ $1
48. Qxc7 Rxc7 49. h4 Re7 {tries to survive in a rook ending.}) 47. Kg3 Qe5+ 48.
f4 $1 Qxe3+ 49. Kh4 g5+ $5 50. Kxg5 {Caruana played a poor tournament.} 1-0

[Event "Tata Steel"]
[Site "Wijk aan Zee 75"]
[Date "2013.01.27"]
[Round "13"]
[White "Karjakin, Sergey"]
[Black "Van Wely, Loek"]
[Result "1-0"]
[WhiteElo "2780"]
[BlackElo "2679"]
[Annotator "JvR"]
[PlyCount "49"]
[EventDate "2013.01.??"]
[EventCountry "NED"]

1. e4 c5 2. Nf3 d6 3. d4 cxd4 4. Nxd4 Nf6 5. Nc3 g6 6. Be3 Bg7 7. f3 Nc6 8. Qd2
O-O 9. O-O-O d5 10. exd5 Nxd5 11. Nxc6 bxc6 12. Bd4 Bxd4 13. Qxd4 Qb6 14. Na4
Qc7 15. Bc4 Rd8 16. Nc5 Bf5 17. Bb3 h5 {Black makes a doubtful move.} 18. g4 $1
{Karjakin improves the theory.} ({Known is} 18. Rhe1) 18... e5 19. Qg1 $1 {The
attack on the kingside increases.} Nf4 $1 20. Re1 $1 {The rook prevents the
check on e2.} hxg4 21. fxg4 Bc8 {The black pieces hinder each other.} 22. Qg3
$1 {The queen enters.} a5 $5 (22... Rb8 23. Rhf1 $1 Rd4 24. Qh4 {brings a
strong white attack.}) 23. Qh4 $1 a4 $6 (23... Kg7 24. Ne4 $1 Bxg4 25. Qf6+ Kg8
26. Rhf1 $1 a4 27. Bc4 {also wins for White (Kr Szabo).}) 24. Bxf7+ $1 Kg7 25.
Ne4 $1 {Karjakin climbed in the standings.} 1-0

[Event "Tata Steel"]
[Site "Wijk aan Zee 75"]
[Date "2013.01.27"]
[Round "13"]
[White "Wang Hao"]
[Black "Anand, Viswanathan"]
[Result "1-0"]
[WhiteElo "2752"]
[BlackElo "2772"]
[Annotator "JvR"]
[PlyCount "97"]
[EventDate "2013.01.??"]
[EventCountry "NED"]

1. e4 e5 2. Nf3 Nc6 3. d4 exd4 4. Nxd4 Nf6 5. Nc3 Bb4 6. Nxc6 bxc6 7. Bd3 O-O
8. O-O d5 9. exd5 cxd5 10. h3 c6 11. Qf3 Bd6 12. Re1 h6 13. Bf4 Bxf4 14. Qxf4
Be6 15. Ne2 $5 Qb8 $5 {Anand plays passively.} 16. b3 Qxf4 17. Nxf4 Rfe8 18.
Nxe6 fxe6 $6 ({Preferable is} 18... Rxe6) 19. Bg6 $1 Re7 20. c4 Nd7 21. Rac1
Nf8 22. Bd3 {White has the initiative.} Kf7 $5 23. cxd5 cxd5 24. b4 Nd7 25. Rc6
Nf6 26. a4 e5 27. f3 $1 {Black suffers from restriction in the endgame.} Rd8
28. Kf2 e4 29. fxe4 dxe4 30. Bc4+ Kg6 $5 31. Ke3 Kh7 $6 ({The aggressive} 31...
Kg5 $1 32. Rc5+ Kh4 {is alright.}) 32. Rc5 Red7 33. a5 Rd2 34. Re2 Rd1 35. a6
Nd7 $2 (35... Ra1 36. b5 Ra3+ 37. Kf2 Ra4 {defends properly.}) 36. Rc7 $1 Ne5
37. Be6 $5 ({Even better is} 37. Rc2 Nxc4+ 38. R2xc4 R1d7 39. b5) 37... Kg6 38.
Rxa7 R1d6 39. Ba2 Nc6 40. Rb7 Rd3+ 41. Kf2 Nd4 42. Bf7+ Kf5 43. Re1 Rd2+ 44.
Kg1 Kf4 45. Bc4 g6 46. a7 Kg3 47. Bf1 $1 Nf3+ 48. gxf3 exf3 49. Rf7 {The final
standings became: Carlsen 10/13, Aronian 81/2, Anand and Karjakin 8, Leko 71/2,
Nakamura 7, Harikrishna 61/2, Giri, Wang Hao and Van Wely 6, Hou Yifan 51/2,
Caruana 5, L'Ami 4, Sokolov 3. Carlsen's rating increased to a record level of
2872.} 1-0

[Event "Tata Steel B"]
[Site "Wijk aan Zee 75"]
[Date "2013.01.20"]
[Round "8"]
[White "Rapport, Richard"]
[Black "Smeets, Jan"]
[Result "0-1"]
[WhiteElo "2621"]
[BlackElo "2615"]
[Annotator "JvR"]
[PlyCount "110"]
[EventDate "2013.01.??"]
[EventCountry "NED"]

{Great battles were fought in the B-group.   Richard Rapport was a great
Hungarian chess talent. He encountered the two-fold Dutch champion Smeets.} 1.
d4 d5 2. c4 c6 3. e3 Nf6 4. Nc3 e6 5. Nf3 Nbd7 6. Bd3 dxc4 7. Bxc4 b5 8. Bd3
Bb7 9. a3 a6 10. b4 a5 11. Rb1 axb4 12. axb4 Nd5 13. Nxd5 exd5 14. O-O Bd6 15.
Qc2 h6 16. e4 $5 {White has no advantage in the Meraner.} (16. Nd2 O-O 17. e4
dxe4 18. Nxe4 {drew in Gelfand - Tukmakov, Wijk aan Zee 1993.}) 16... dxe4 17.
Bxe4 O-O 18. Qc3 Re8 19. Bc2 Qf6 20. Bb2 Re7 21. Rbe1 Rae8 22. Re3 $5 Rxe3 23.
fxe3 Qe7 24. Ne5 $5 Bxe5 $5 25. dxe5 Nxe5 26. Qd4 c5 $1 27. bxc5 Qg5 $1 28. Be4
$6 ({Preferable is} 28. e4 $5 Nc4 29. Bc1) 28... Nc6 29. Qd7 $2 (29. Qd3 $1 Nb4
$1 (29... Qxc5 30. Rxf7 $1 Kxf7 31. Bg6+ Ke7 32. Qe4+ Ne5 33. Qxb7+ {draws})
30. Qd7 Rxe4 31. Qxf7+ Kh7 32. Qxb7 Qxe3+ 33. Kh1 Re7 34. Qf3 Qxf3 35. gxf3 {
defends properly.}) 29... Qxe3+ 30. Kh1 Re7 31. Qg4 $1 Qg5 32. Qxg5 hxg5 {
Black has an extra pawn in the endgame.} 33. Bf3 Na5 34. Bc3 Bxf3 35. Bxa5 Bc6
36. Kg1 Re5 37. Bb4 f6 38. Rf2 (38. Re1 $5 Rxe1+ 39. Bxe1 Kf7 40. Kf1 Ke6 41.
g3 Kd5 42. Bf2 b4 43. Ke2 f5 {brings two distant passed pawns.}) 38... Re4 39.
Rb2 Kf7 40. Kf2 Ke6 41. Rd2 Rf4+ 42. Kg3 Rxb4 43. Rd6+ Ke5 44. Rxc6 Rc4 45. Rc7
Kd4 $1 46. Rxg7 ({Or} 46. c6 b4 {and Black wins the rook ending.}) 46... b4 $1
47. Kg4 b3 48. Rb7 Kc3+ 49. Kf5 b2 50. Rxb2 Kxb2 51. Kxf6 Rxc5 52. h3 Kc3 53.
g3 Kd4 54. Kg6 Ke4 55. h4 g4 $1 {Smeets played a solid game.} 0-1

[Event "Tata Steel B"]
[Site "Wijk aan Zee 75"]
[Date "2013.01.27"]
[Round "13"]
[White "Naiditsch, Arkadij"]
[Black "Ernst, Sipke"]
[Result "1-0"]
[WhiteElo "2708"]
[BlackElo "2556"]
[Annotator "JvR"]
[PlyCount "163"]
[EventDate "2013.01.??"]
[EventCountry "NED"]

{The decisive game was played in the last round.} 1. c4 c6 2. e4 d5 3. exd5
cxd5 4. d4 Nf6 5. Nc3 e6 6. Nf3 Be7 7. cxd5 Nxd5 8. Bd3 Nc6 9. O-O Bf6 10. Be3
Nxe3 11. fxe3 O-O 12. Ne4 Be7 13. Rc1 Nb4 14. Bb1 b6 15. Nc3 $5 Ba6 16. Rf2 Rc8
17. Ne5 Bg5 18. Qf3 f6 19. Qh3 g6 20. Qxe6+ Kg7 21. Nf3 Bh6 22. Re1 Bc4 23. Qh3
Qd6 24. e4 Rce8 25. d5 Qc5 26. Na4 Qa5 27. b3 Bb5 28. Nc3 f5 29. Nxb5 Qxb5 30.
Nd4 Qc5 31. Ne6+ Rxe6 32. dxe6 fxe4 33. Qg3 Bd2 34. e7 Rxf2 $1 35. Qxf2 Qxf2+
36. Kxf2 Bxe1+ 37. Kxe1 Kf7 38. Kd2 Kxe7 39. a3 Nd3 40. Bxd3 exd3 41. Kxd3 {
The chances are equal in the pawn ending.} Ke6 42. Kc4 a6 43. a4 Kd6 44. b4 Ke5
$2 (44... g5 45. g4 Kc6 {draws easily.}) 45. h4 h5 46. a5 bxa5 47. bxa5 Kd6 48.
Kd4 Kc6 $1 49. Ke5 Kb5 50. Kf6 Kxa5 51. Kxg6 Kb6 52. Kxh5 a5 53. g4 a4 54. g5
a3 55. g6 a2 56. g7 a1=Q 57. g8=Q {Rapport has won his game at this moment.
Naiditsch has to triumph too.} Kc7 58. Qf7+ Kd8 59. Kg6 Qg1+ 60. Kh7 Qb1+ 61.
Kg8 Qg1+ 62. Qg7 Qh2 63. Qf8+ Kd7 64. Qf7+ Kd8 65. h5 Qg3+ $1 66. Qg6 Qf4 $1
67. Qf7 {The position is a theoretical draw.} Qg4+ $2 {But Black can make a
mistake easily.} ({Right is} 67... Qg3+ $1) 68. Kf8 Qb4+ 69. Kg7 Qg4+ 70. Qg6
Qd7+ 71. Kf8 Qd4 72. Qg5+ $1 Kc8 73. h6 $1 Qb4+ 74. Kg7 Qd4+ 75. Qf6 Qd7+ 76.
Kf8 Qd3 77. Qe6+ Kb8 78. Qe8+ Ka7 79. Qf7+ Ka6 (79... Ka8 $1 {prolongs the
game.}) 80. h7 Qd4 81. Qg6+ Ka5 82. Qh5+ $1 {Naiditsch and Rapport scored 9/13,
half-a-point ahead of Smeets and Movsesian. Naiditsch won on tie-break.} 1-0

[Event "Tata Steel"]
[Site "Wijk aan Zee 76"]
[Date "2014.01.11"]
[Round "1"]
[White "Van Wely, Loek"]
[Black "Karjakin, Sergey"]
[Result "0-1"]
[WhiteElo "2672"]
[BlackElo "2759"]
[Annotator "JvR"]
[PlyCount "120"]
[EventDate "2014.01.??"]
[EventCountry "NED"]

{The 76th Tata Steel tournament was played in Wijk aan Zee from 11 until 26 i
2014. Twelve men participated in the main group. The decided games by the top
three have been analysed.} 1. d4 Nf6 2. c4 e6 3. g3 d5 4. Bg2 Be7 5. Nf3 O-O 6.
O-O dxc4 7. Qc2 a6 8. a4 Bd7 9. Qxc4 Bc6 10. Bf4 a5 11. Nc3 Na6 12. Rae1 Bd5
13. Nxd5 exd5 14. Qb5 Qc8 $5 15. Qb3 Nb4 16. Nd2 c6 17. e4 $1 {White opens the
game for his bishops.} dxe4 18. Nxe4 Nxe4 19. Rxe4 Qd7 20. Bd2 Nd5 21. Re2 Bf6
22. Bxd5 Qxd5 23. Qxd5 cxd5 24. Rc1 $5 Bxd4 25. Bf4 Rfd8 26. Rc7 $2 (26. Rd2
Bf6 27. Rcd1 d4 28. Bc7 Rd7 29. Bb6 {will regain the pawn.}) 26... b6 27. Ree7
Bxb2 28. Rxf7 Rac8 29. Rb7 Rc4 30. Rfc7 Bd4 31. Be3 Rxc7 32. Rxc7 Bxe3 33. fxe3
d4 34. exd4 Rxd4 {Black has an extra pawn in the rook ending.} 35. Rb7 Rb4 $1
36. Kg2 h5 37. Kf3 Kh7 38. h4 $2 {White should control square g4.} Kg6 ({Best
is} 38... Rxa4 $1 39. Rxb6 Rb4 $1 40. Ra6 a4 41. Ke3 Kg8 42. Ra7 Rg4 $1 {
Hereafter, the black king goes to b8 and Black wins (Marin).}) 39. Rd7 Kf6 40.
Rd6+ Kf5 41. Rd5+ Ke6 $6 (41... Kg6 42. Rd6+ Kh7 {introduces the above
mentioned win.}) 42. Rg5 Kf7 43. Rxh5 Rxa4 44. Rh8 Rb4 45. Ra8 g5 $2 46. hxg5
Kg6 47. Rg8+ Kh5 48. g4+ Kh4 49. Rg6 a4 50. Rg7 b5 51. Rg8 a3 52. g6 $2 ({
Correct is} 52. Ra8 $1 Ra4 53. Rxa4 $1 bxa4 54. g6 a2 55. g7 a1=Q 56. g8=Q {
drawn.}) 52... Kg5 53. g7 Rb3+ 54. Ke4 Kg6 55. Ra8 Kxg7 56. Kf5 Rf3+ 57. Ke4
Rc3 58. Kf5 Rc5+ 59. Kf4 Rc4+ 60. Kf5 Ra4 {Karjakin won the rook ending.} 0-1

[Event "Tata Steel"]
[Site "Wijk aan Zee 76"]
[Date "2014.01.12"]
[Round "2"]
[White "Aronian, Levon"]
[Black "Caruana, Fabiano"]
[Result "1-0"]
[WhiteElo "2812"]
[BlackElo "2782"]
[Annotator "JvR"]
[PlyCount "115"]
[EventDate "2014.01.??"]
[EventCountry "NED"]

{Aronian was the star of the event.} 1. Nf3 Nf6 2. c4 c5 3. Nc3 d5 4. cxd5 Nxd5
5. d4 Nxc3 6. bxc3 g6 7. Bf4 Bg7 8. e3 O-O 9. Bd3 Nd7 $5 ({Known is} 9... Nc6)
10. O-O Qa5 11. Qc2 cxd4 12. cxd4 e5 13. Bg3 $1 {White has a plus.} exd4 14.
Nxd4 Nb6 15. Qc7 $1 Bxd4 {Black has to liberate his play.} 16. exd4 Bf5 $5 (
16... Be6 17. Qxb7 Rad8 18. Be5 {also brings a white advantage (Krasenkow).})
17. Bxf5 Qxf5 18. Qxb7 {White has gained a pawn.} Rfd8 19. Rfd1 Rd7 20. Qa6 Qe4
21. Be5 Rf8 22. h3 f6 23. Bg3 Rff7 24. f3 Qf5 25. Rac1 Kg7 26. Kh2 Rfe7 27. Rc5
Nd5 28. Qa5 Qe6 $5 29. Re1 $1 Qf7 30. Re4 $1 Ne3 $1 31. Bf2 Nf5 32. Qd2 $2 Re6
$2 (32... Rxe4 $1 33. fxe4 Qe7 $3 {regains the pawn.}) 33. Rxe6 Qxe6 34. d5
Qd6+ 35. Kg1 Rb7 36. Qe1 Ne7 37. Ra5 Nxd5 38. Qd1 Rd7 39. Rxa7 Rxa7 40. Bxa7 g5
$6 (40... Qa3 41. Qxd5 Qxa7+ 42. Kf1 {will be harder to win for White.}) 41. a4
Qa6 42. Bd4 Qc4 43. Qa1 Qc2 44. a5 Nf4 45. Bf2 Ne2+ 46. Kh2 Nf4 47. Qf1 Nd3 48.
Bd4 Qd2 49. Bg1 Qf4+ 50. Kh1 Qc4 51. Qa1 Qc2 52. Be3 h6 53. a6 Qe2 54. Qg1 Qa2
55. a7 Nb4 56. Qd1 Nd5 57. Qd2 Qa1+ 58. Bg1 {Aronian showed his usual patience.
} 1-0

[Event "Tata Steel"]
[Site "Wijk aan Zee 76"]
[Date "2014.01.12"]
[Round "2"]
[White "Giri, Anish"]
[Black "Naiditsch, Arkadij"]
[Result "1-0"]
[WhiteElo "2734"]
[BlackElo "2718"]
[Annotator "JvR"]
[PlyCount "65"]
[EventDate "2014.01.??"]
[EventCountry "NED"]

1. d4 Nf6 2. c4 e6 3. Nf3 Bb4+ 4. Nbd2 O-O 5. a3 Be7 6. e4 d5 7. e5 Nfd7 8. Bd3
c5 9. h4 g6 10. h5 cxd4 11. Qc2 Nc5 12. cxd5 Nxd3+ $5 13. Qxd3 Qxd5 14. Ne4 Nc6
15. Bh6 Qa5+ $2 ({Preferable is} 15... Re8 $5) 16. Qd2 $1 Qxd2+ 17. Kxd2 Rd8
18. hxg6 fxg6 19. Bg5 h5 $6 ({Better is} 19... Bxg5+ 20. Nfxg5 $1 h5) 20. g4 $2
(20. Bxe7 Nxe7 21. g4 {wins for White (Giri).}) 20... Bxg5+ 21. Nfxg5 $6 {He
captures with the wrong knight.} Nxe5 22. gxh5 Nc4+ 23. Ke1 Bd7 24. b3 Na5 $2 (
{Right is} 24... Ne5 $1 25. f4 Nf7 26. hxg6 Nxg5 27. Nxg5 Kg7 {(Giri).}) 25.
Rc1 Bc6 26. hxg6 $1 Bxe4 27. Nxe4 Kg7 28. Rc7+ Kxg6 29. Rg1+ Kf5 30. f3 e5 $5
31. Rg5+ Kf4 32. Kf2 Rf8 33. Rh7 {Black will be mated in one.} 1-0

[Event "Tata Steel"]
[Site "Wijk aan Zee 76"]
[Date "2014.01.13"]
[Round "3"]
[White "Caruana, Fabiano"]
[Black "Karjakin, Sergey"]
[Result "1-0"]
[WhiteElo "2782"]
[BlackElo "2759"]
[Annotator "JvR"]
[PlyCount "141"]
[EventDate "2014.01.??"]
[EventCountry "NED"]

1. d4 Nf6 2. c4 e6 3. g3 d5 4. Nf3 Be7 5. Bg2 O-O 6. O-O dxc4 7. Qa4 a6 8. Qxc4
b5 9. Qc2 Bb7 10. Bd2 Bd6 11. a3 Nbd7 12. b4 Ra7 13. Bc3 $5 Be4 14. Qc1 Qa8 15.
Nbd2 Bd5 16. Qc2 Nb6 17. Ne1 Na4 18. Nb3 Be4 19. Bxe4 Qxe4 20. Ra2 $1 Nxc3 21.
Qxc3 e5 22. Nf3 exd4 23. Nfxd4 Raa8 24. Rc2 Nd5 $5 25. Qf3 $1 Qxf3 26. Nxf3 {
White has a better position.} Rfe8 27. Rd1 Nb6 28. Na5 g6 29. e3 Kg7 30. Rd3
Rac8 31. Rc6 Rb8 32. Kf1 h5 33. h3 Kf6 34. Nd2 Kg7 35. Ndb3 Re6 36. Kg2 Kf8 37.
f4 Ree8 38. Kf3 Red8 39. Rc2 Rd7 40. e4 $1 {He advances slowly.} Ke8 $2 (40...
f6 $1 {stops the e-pawn.}) 41. e5 $1 Be7 42. Rxd7 Kxd7 43. Rd2+ Ke8 44. Nc6 Ra8
45. Nba5 f5 $2 (45... Kf8 {defends passively.}) 46. g4 $1 hxg4+ 47. hxg4 fxg4+
48. Kxg4 {The kingside has been opened.} Kf7 49. Rh2 Bf8 50. f5 $5 Nd5 $5 51.
f6 Nxf6+ $5 {The rest has no point.} 52. exf6 Kxf6 53. Rf2+ Ke6 54. Re2+ Kd5
55. Rd2+ Ke4 56. Nb7 Ke3 57. Rd7 Re8 58. Rxc7 Bh6 59. Nc5 Rf8 60. Re7+ Kd2 61.
Re6 Rf1 62. Na7 Be3 63. Rxa6 Ke2 64. Rxg6 Rf4+ 65. Kh3 Rf3+ 66. Rg3 Rf7 67.
Nxb5 Bf2 68. Rb3 Rf4 69. Nc3+ Kf1 70. Rb1+ Be1 71. Rxe1+ $1 {Karjakin suffered
his first defeat.} 1-0

[Event "Tata Steel"]
[Site "Wijk aan Zee 76"]
[Date "2014.01.15"]
[Round "4"]
[White "Aronian, Levon"]
[Black "Nakamura, Hikaru"]
[Result "1-0"]
[WhiteElo "2812"]
[BlackElo "2789"]
[Annotator "JvR"]
[PlyCount "87"]
[EventDate "2014.01.??"]
[EventCountry "NED"]

{The fourth round happened at the Rijksmuseum in Amsterdam.} 1. d4 Nf6 2. Nf3
g6 3. c4 Bg7 4. Nc3 d6 5. e4 O-O 6. Be2 e5 7. Be3 Ng4 8. Bg5 f6 9. Bh4 g5 10.
Bg3 Nh6 11. c5 g4 12. Nh4 Nc6 13. cxd6 cxd6 14. dxe5 dxe5 15. Bc4+ Kh8 16. Qxd8
Rxd8 17. O-O Nd4 18. Rad1 Be6 19. Bxe6 Nxe6 20. f3 gxf3 $5 (20... Nd4 {has
been played in Smirnov - Yuffa, St Petersburg 2011.}) 21. gxf3 Rxd1 22. Rxd1
Rd8 23. Rxd8+ Nxd8 24. Bf2 {White has the better bishop in the endgame.} a6 25.
Kf1 Kg8 26. Ke2 Kf7 27. Be3 Ke6 28. Na4 Bf8 $6 ({More solid is} 28... Kd7 $1)
29. Bxh6 $1 Bxh6 30. Nc5+ Kf7 (30... Kd6 $2 31. Nxb7+ $1 Nxb7 32. Nf5+ {costs
a pawn.}) 31. Kd3 $1 Bf4 32. h3 Bg5 $2 ({Better is} 32... Bc1 33. b3 Bh6 34.
Nf5 Bf8) 33. Nf5 Ne6 $6 (33... Kg6 34. a4 h5 {defends passively.}) 34. Nxe6 $2
{Aronian misses the win.} (34. Nxb7 $1 Nf4+ 35. Kc4 Nxh3 36. b4 Ng1 37. Nc5
Nxf3 38. Nxa6 {wins for White.}) 34... Kxe6 35. Kc4 b6 36. a4 Bd2 37. b3 h5 $6
{A pawn is weakened.} 38. b4 a5 $1 39. bxa5 bxa5 40. Kb5 Kd7 $2 {Nakamura
blunders under time pressure.} ({Correct is} 40... Be1 $1 41. Ng7+ Kf7 {and
White cannot capture the pawn.}) 41. Ng7 h4 42. Nf5 Be1 43. Ne3 Ke6 44. Nc4 {
Aronian took the lead.} 1-0

[Event "Tata Steel"]
[Site "Wijk aan Zee 76"]
[Date "2014.01.15"]
[Round "4"]
[White "Karjakin, Sergey"]
[Black "Rapport, Richard"]
[Result "1-0"]
[WhiteElo "2759"]
[BlackElo "2691"]
[Annotator "JvR"]
[PlyCount "87"]
[EventDate "2014.01.??"]
[EventCountry "NED"]

1. e4 e6 2. d4 d5 3. Nc3 Bb4 4. e5 c5 5. a3 Bxc3+ 6. bxc3 Qc7 7. Qg4 f6 8. Nf3
c4 9. h4 Nc6 10. Qg3 fxe5 $5 11. Nxe5 Nf6 12. Bf4 $6 ({The long variation} 12.
Be2 $1 Ne4 $5 13. Bh5+ $1 g6 14. Bxg6+ hxg6 15. Qxg6+ Kf8 16. f3 Nxe5 17. dxe5
Qxe5 18. fxe4 Qxc3+ 19. Bd2 Qxa1+ 20. Ke2 Qg7 $1 21. Rf1+ Kg8 22. Qe8+ Kh7 23.
Qh5+ {leads to perpetual check.}) 12... Qa5 $2 13. Nxc6 $1 bxc6 14. Bc7 $1 Qa4
15. Kd1 $2 {He should capture pawn g7.} O-O 16. f3 e5 $1 17. Bxe5 Bf5 $1 18.
Ra2 Rf7 19. Be2 Nd7 20. Re1 Re8 21. f4 Nf6 $5 22. Bf3 Ne4 23. Bxe4 Bxe4 24. h5
$5 h6 25. Kd2 Qb5 26. a4 Qb7 27. a5 a6 28. Qg4 Qa7 $2 {Black should keep the
control over the open file.} 29. Rb2 $1 Bf5 30. Qg3 Qe7 31. Rb6 $5 Rc8 32. Reb1
Qa3 33. Rb7 $5 Qa4 $1 34. R1b2 $1 Rxb7 35. Rxb7 Qxc2+ 36. Ke1 Qc1+ 37. Kf2 Qd2+
38. Kf1 $1 Qd3+ $6 (38... Bd3+ 39. Kg1 Qd1+ 40. Kh2 Qxh5+ 41. Qh3 {(Szabo)}
Qxh3+ 42. Kxh3 g5 {offers more resistance.}) 39. Qxd3 cxd3 40. g4 $1 Be4 41. f5
c5 42. Rxg7+ Kf8 43. f6 Rc6 44. Ke1 $1 {Karjakin compensated his previous loss.
} 1-0

[Event "Tata Steel"]
[Site "Wijk aan Zee 76"]
[Date "2014.01.17"]
[Round "5"]
[White "Harikrishna, Pentala"]
[Black "Giri, Anish"]
[Result "0-1"]
[WhiteElo "2706"]
[BlackElo "2734"]
[Annotator "JvR"]
[PlyCount "142"]
[EventDate "2014.01.??"]
[EventCountry "NED"]

1. e4 e5 2. Nf3 Nc6 3. Bc4 Bc5 4. O-O Nf6 5. d3 O-O 6. h3 d6 7. c3 a6 8. Bb3 h6
9. Be3 Bxe3 10. fxe3 Na5 11. Bc2 c5 12. Nbd2 b5 13. Qe1 Rb8 $5 14. Qg3 Nh5 15.
Qf2 Nf6 16. Qg3 Nh5 17. Qh2 {White proceeds the game.} Qe7 18. Rf2 Bd7 19. g4
Nf6 20. Raf1 Nh7 21. Qg3 g6 22. Nh4 c4 23. d4 b4 24. Ndf3 b3 $5 25. axb3 cxb3
26. Bd3 Bb5 27. Bxb5 axb5 28. dxe5 Nc4 $1 {The chances are equal.} 29. exd6 $6
({Preferable is} 29. e6 $1 Qxe6 30. Nf5 $1 Qxe4 31. Nxh6+ Kg7 32. Nxf7 Qxe3 33.
Re1 Qa7) 29... Nxd6 30. Qe5 Qxe5 31. Nxe5 Ng5 32. Rh2 Rb7 33. Nc6 $2 {This
move has no use.} ({Right is} 33. Nhf3 $1 Ngxe4 34. Nd3 $1) 33... Nc4 $1 34.
Nd4 b4 35. Rc1 Ra8 $5 36. cxb4 Rxb4 37. Nhf3 Nxf3+ 38. Nxf3 Ra2 39. Rb1 Nxe3
40. Re2 Nc2 41. Nd2 Ra7 42. e5 Nd4 43. Re3 Rc7 44. Nf3 Ne6 $1 {The black
pieces are well placed.} 45. Ne1 Rd7 46. Nd3 $5 Rc4 47. Nf2 $6 (47. Rf1 Rc2 48.
Rf2 {activates a rook.}) 47... Nc5 $1 48. Rf1 Rc2 49. Kg2 Rd3 $5 50. Kf3 Rxe3+
51. Kxe3 Rxb2 52. Rd1 Kf8 53. Rd8+ Ke7 54. Rb8 Rc2 $5 55. Ne4 Nxe4 56. Kxe4 b2
{Black has an extra pawn in the rook ending.} 57. h4 Kd7 58. h5 g5 59. Kd5 Rd2+
60. Kc5 Ke7 61. Rb6 Rd1 $1 {Giri sacrifices a rook temporarily in order to
open the defence.} 62. Rxb2 Ke6 63. Rf2 Rd5+ 64. Kc4 Rxe5 65. Kd3 f5 66. gxf5+
Kf6 $1 (66... Rxf5 $2 67. Ra2 Ke5 68. Ra4 $1 {draws (Postny).}) 67. Ra2 Kxf5
68. Ra6 Re6 69. Rxe6 Kxe6 70. Ke4 Kf6 71. Kf3 Ke5 $1 {Giri occupied the second
place.} 0-1

[Event "Tata Steel"]
[Site "Wijk aan Zee 76"]
[Date "2014.01.17"]
[Round "5"]
[White "Naiditsch, Arkadij"]
[Black "Aronian, Levon"]
[Result "0-1"]
[WhiteElo "2718"]
[BlackElo "2812"]
[Annotator "JvR"]
[PlyCount "114"]
[EventDate "2014.01.??"]
[EventCountry "NED"]

1. e4 e5 2. Nf3 Nc6 3. Bb5 Nf6 4. O-O Nxe4 5. d4 Nd6 6. dxe5 Nxb5 7. a4 Nbd4 8.
Nxd4 d6 9. exd6 Bxd6 10. Re1+ Be7 11. Nxc6 Qxd1 12. Rxd1 bxc6 13. Be3 $5 {The
Berlin Defence has led to an equal endgame.} Bf5 14. Re1 O-O-O 15. Na3 Rhe8 $1
16. Bxa7 Bxa3 17. Rxe8 Rxe8 18. bxa3 Re4 $1 {Capture on c2 would have drawn
quickly. Aronian wants a battle.} 19. c3 Rxa4 20. Bd4 g6 21. f3 Kd7 22. Kf2 Kd6
23. h3 c5 24. Bf6 Kd5 25. g4 Be6 26. Kg3 Kc4 27. Kh4 Bd5 28. f4 Ra6 29. Bg7 Re6
$1 30. a4 $1 f6 31. a5 g5+ $1 32. Kh5 $5 (32. fxg5 fxg5+ 33. Kh5 {draws easily.
}) 32... gxf4 33. Ra4+ Kxc3 34. Rxf4 Kb3 35. Rxf6 Re3 36. h4 c4 37. Rf5 Rd3 38.
a6 c3 39. a7 c2 40. Bh6 Bc6 41. Bg5 Rd6 42. Re5 Ba8 43. Rc5 c6 $1 {He keeps
the fight going.} 44. Rf5 $2 ({Correct is} 44. Be3 $1 Rd3 45. Bg5) 44... Rd7 $2
(44... Kb2 $1 {wins for Black.}) 45. Rf3+ $2 (45. Ra5 $1 Rd5 46. Rxd5 cxd5 47.
Bd2 $1 d4 48. Kh6 d3 49. Kxh7 Kb2 50. g5 c1=Q 51. Bxc1+ Kxc1 52. g6 d2 53. g7
Be4+ 54. Kh6 $1 d1=Q 55. g8=Q Qd6+ 56. Kg7 $1 {draws (Ftacnik).}) 45... Ka2 $1
({He avoids} 45... Kb2 $2 46. Bf6+ $1) 46. Rf2 Kb2 $1 47. Be3 Re7 48. Bf4 Rxa7
49. Rf1 c5 50. Kh6 Be4 51. h5 Bd3 52. Rg1 c4 53. g5 c3 54. Bc1+ Kb3 $1 55. Be3
Re7 56. Bc1 Re2 57. Kg7 Rd2 $1 {Aronian kept the sole lead.} 0-1